000 00358nam a2200133Ia 4500
008 240624s9999 xx 000 0 und d
041 _aeng
082 _a371.26 COV
100 _aCOVEY STEPHEN R
245 _aWISDOM AND TEACHINGS OF STEPHEN R COVEY
260 _c2012
_aNew Delhi
_bSimon & Schuster
300 _axi, : 160 : p. : cm. ; 23
365 _cRS
_b25
999 _c23753
_d23753